| 000 -LEADER |
| fixed length control field |
00511pab a2200193 454500 |
| 008 - FIXED-LENGTH DATA ELEMENTS--GENERAL INFORMATION |
| fixed length control field |
180718b2018 xxu||||| |||| 00| 0 eng d |
| 100 ## - MAIN ENTRY--PERSONAL NAME |
| Personal name |
Frisch-Aviram, Neomi |
| 245 ## - TITLE STATEMENT |
| Title |
Low-level bureaucrats, local government regimes and policy entrepreneurship |
| 260 ## - PUBLICATION, DISTRIBUTION, ETC. |
| Date of publication, distribution, etc. |
2018 |
| 300 ## - PHYSICAL DESCRIPTION |
| Extent |
p.39-57. |
| 362 ## - DATES OF PUBLICATION AND/OR SEQUENTIAL DESIGNATION |
| Dates of publication and/or sequential designation |
Mar |
| 650 ## - SUBJECT ADDED ENTRY--TOPICAL TERM |
| Topical term or geographic name entry element |
Local government |
| 650 ## - SUBJECT ADDED ENTRY--TOPICAL TERM |
| Topical term or geographic name entry element |
Bureaucracy |
| 650 ## - SUBJECT ADDED ENTRY--TOPICAL TERM |
| Topical term or geographic name entry element |
Public policy |
| 700 ## - ADDED ENTRY--PERSONAL NAME |
| Personal name |
Beeri, Itai |
| 700 ## - ADDED ENTRY--PERSONAL NAME |
| Personal name |
Cohen, Nissim |
| 773 ## - HOST ITEM ENTRY |
| Main entry heading |
Policy Sciences |
| 909 ## - |
| -- |
117053 |